返璞归真 (Record no. 33006)

000 -LEADER
fixed length control field 00490nam a22001937a 4500
003 - CONTROL NUMBER IDENTIFIER
control field MPLRDC
005 - DATE AND TIME OF LATEST TRANSACTION
control field 20220104142711.0
008 - FIXED-LENGTH DATA ELEMENTS--GENERAL INFORMATION
fixed length control field 210129b ||||| |||| 00| 0 eng d
020 ## - INTERNATIONAL STANDARD BOOK NUMBER
International Standard Book Number 957-9263-44-2
082 ## - DEWEY DECIMAL CLASSIFICATION NUMBER
Classification number 178.8 WEI-3
100 ## - MAIN ENTRY--PERSONAL NAME
Personal name BRIAN L. WEISS
245 ## - TITLE STATEMENT
Title 返璞归真
Statement of responsibility, etc. 康文雄译
250 ## - EDITION STATEMENT
Edition statement 七刷
260 ## - PUBLICATION, DISTRIBUTION, ETC.
Place of publication, distribution, etc. 台湾
Name of publisher, distributor, etc. 林郁文化事业有限公司
Date of publication, distribution, etc. 1996
300 ## - PHYSICAL DESCRIPTION
Other physical details 270
490 ## - SERIES STATEMENT
Series statement 现代人文库. 9
650 ## - SUBJECT ADDED ENTRY--TOPICAL TERM
Topical term or geographic name entry element 心理疗法
942 ## - ADDED ENTRY ELEMENTS (KOHA)
Koha item type Book
-- 178.8 WEI-3
Holdings
Withdrawn status Lost status Source of classification or shelving scheme Damaged status Not for loan Collection code Home library Current library Shelving location Date acquired Cost, normal purchase price Total Checkouts Full call number Barcode Date last seen Date last checked out Price effective from Koha item type Public note
            Malaysian Public Library, Research and Development Centre Malaysian Public Library, Research and Development Centre   10/12/2007 28.60   178.8 WEI-3 00033101 18/03/2021 08/01/2010 18/03/2021 Book mplrdc

© 2022. Malaysian Public Library, Research and Development Centre. All Right ReservedE-mailmplrdc@help.edu.my 

Powered by Koha